Le Territoire de Belfort en images - Statistiques

Statistiques générales
  • Ce quiz a été pris 152 fois
  • Le résultat moyen est 8 sur 18
Statistiques - réponses
Par images Hint Réponse % Correct
Monument Lion de Belfort
98%
Festival Eurockéennes
81%
Moyen de transport TGV
71%
Entreprise Alstom
67%
Monument Citadelle de Belfort
62%
Montagne Ballon d'Alsace
60%
Lac Étang du Malsaucy
58%
Sculpteur Auguste Bartholdi
50%
Viennoiserie Jean-Bonhomme
50%
Région historique Alsace
43%
Guerre Guerre franco-prussienne
36%
Ancien politicien Jean-Pierre Chevènement
33%
Ville Delle
19%
Colonel Aristide Denfert-Rochereau
18%
Pays des comtes de Belfort Monaco
13%
Politicien Jean-Frédéric Poisson
9%
Type d'ouvrage militaire Forts
5%
Région culturelle Sundgau belfortain
3%
Aucun quiz correspondant
Distribution des résultats
% des personnes avec chaque résultat
Percentile par nombre de réponses
Votre historique - résultats
Vous n’avez pas pris ce quiz